Lieu des Merveilles Du Monde - Statistiques

Statistiques générales
  • Ce quiz a été pris 58 fois
  • Le résultat moyen est 9 sur 14
Statistiques - réponses
Hint Réponse % Correct
Grande Muraille (pays) Chine
98%
Christ Rédempteur (ville) Rio de Janeiro
87%
Colosse de Rhodes (pays) Grèce
84%
Colisée (ville) Rome
84%
Machu Picchu (pays) Pérou
80%
Pétra (pays) Jordanie
78%
Phare d'Alexandrie (pays) Egypte
75%
Chichen Itza (pays) Mexique
75%
Jardin Suspendus (ville) Babylone
69%
Grande Pyramide (ville) Gizeh
65%
Statue de Zeus (ville) Olympie
27%
Taj Mahal (ville) Agra
25%
Temple d'Artémis (ville) Éphèse
16%
Mausolée d'Halicarnasse (ville) Bodrum
4%
Aucun quiz correspondant
Distribution des résultats
% des personnes avec chaque résultat
Percentile par nombre de réponses
Votre historique - résultats
Vous n’avez pas pris ce quiz